[Event "WCO 2016"]
[Site "?"]
[Date "2016.09.13"]
[Round "11"]
[Board "25"]
[WhiteID "3801934"]
[White "Cori T. Deysi"]
[BlackID "5104106"]
[Black "Real Pereyra Diana Carime"]
[Result "1-0"]
[BlackElo "2136"]
[WhiteElo "2402"]
[LiveChessVersion "1.4.8"]

1. d4 {[%clk 1:30:58]} Nf6 {[%clk 1:30:38]} 2. Nf3 {[%clk 1:31:06]} d6
{[%clk 1:31:00]} 3. c3 {[%clk 1:29:54]} g6 {[%clk 1:25:51]} 4. Bf4
{[%clk 1:29:50]} Bg7 {[%clk 1:26:04]} 5. h3 {[%clk 1:27:34]} O-O {[%clk 1:26:14]}
6. e3 {[%clk 1:27:29]} c5 {[%clk 1:26:14]} 7. Be2 {[%clk 1:24:30]} Nc6
{[%clk 1:25:58]} 8. O-O {[%clk 1:24:55]} Be6 {[%clk 1:22:00]} 9. Ng5
{[%clk 1:17:46]} Bd7 {[%clk 1:14:14]} 10. d5 {[%clk 1:08:17]} Nb8
{[%clk 1:10:18]} 11. a4 {[%clk 1:03:59]} Na6 {[%clk 1:07:43]} 12. Bh2
{[%clk 0:51:32]} h6 {[%clk 1:00:07]} 13. Nf3 {[%clk 0:51:49]} Rb8
{[%clk 1:00:15]} 14. Re1 {[%clk 0:42:45]} Nc7 {[%clk 0:58:49]} 15. c4
{[%clk 0:42:29]} a6 {[%clk 0:54:45]} 16. Nbd2 {[%clk 0:36:51]} b5
{[%clk 0:53:23]} 17. axb5 {[%clk 0:37:08]} axb5 {[%clk 0:53:45]} 18. e4
{[%clk 0:35:54]} bxc4 {[%clk 0:45:22]} 19. Qc2 {[%clk 0:36:11]} Nh7
{[%clk 0:41:21]} 20. Nxc4 {[%clk 0:31:34]} Rb4 {[%clk 0:32:33]} 21. e5
{[%clk 0:26:33]} Bf5 {[%clk 0:26:06]} 22. Qc1 {[%clk 0:21:35]} Nxd5
{[%clk 0:22:35]} 23. exd6 {[%clk 0:21:50]} exd6 {[%clk 0:21:33]} 24. Ra6
{[%clk 0:22:09]} Re8 {[%clk 0:17:37]} 25. Nxd6 {[%clk 0:20:51]} Rxe2
{[%clk 0:05:29]} 26. Rxe2 {[%clk 0:21:11]} Be6 {[%clk 0:05:54]} 27. Qxc5
{[%clk 0:18:58]} Bxb2 {[%clk 0:05:13]} 28. Bg3 {[%clk 0:08:41]} Bg7
{[%clk 0:03:23]} 29. Kh2 {[%clk 0:08:30]} Nf8 {[%clk 0:02:52]} 30. Rd2
{[%clk 0:04:43]} Nd7 {[%clk 0:02:52]} 31. Qc1 {[%clk 0:04:17]} N7b6
{[%clk 0:01:45]} 32. Ra7 {[%clk 0:03:14]} Bf8 {[%clk 0:01:37]} 33. Qc6
{[%clk 0:01:46]} Rb1 {[%clk 0:00:34]} 34. Nxf7 {[%clk 0:00:54]} Bxf7
{[%clk 0:00:57]} 35. Rxf7 {[%clk 0:01:15]} Kxf7 {[%clk 0:00:37]} 36. Ne5+
{[%clk 0:01:41]} Ke7 {[%clk 0:00:53]} 37. Nxg6+ {[%clk 0:01:56]} Kf7
{[%clk 0:01:19]} 38. Ne5+ {[%clk 0:02:22]} Ke7 {[%clk 0:01:10]} 39. Bh4+
{[%clk 0:02:46]} 1-0

[Event "WCO 2016"]
[Site "?"]
[Date "2016.09.13"]
[Round "11"]
[Board "26"]
[WhiteID "5104297"]
[White "Guerrero Rodriguez Alejandra"]
[BlackID "3804178"]
[Black "Chumpitaz Ann"]
[Result "0-1"]
[BlackElo "2150"]
[WhiteElo "2043"]
[LiveChessVersion "1.4.8"]

1. e4 {[%clk 1:30:50]} c5 {[%clk 1:30:57]} 2. Nf3 {[%clk 1:31:14]} d6
{[%clk 1:29:51]} 3. d4 {[%clk 1:31:34]} cxd4 {[%clk 1:30:17]} 4. Qxd4
{[%clk 1:31:57]} Nc6 {[%clk 1:25:08]} 5. Bb5 {[%clk 1:32:03]} Qa5+
{[%clk 1:07:51]} 6. Nc3 {[%clk 1:31:59]} Qxb5 {[%clk 1:08:01]} 7. Nxb5
{[%clk 1:32:04]} Nxd4 {[%clk 1:08:28]} 8. Nfxd4 {[%clk 1:30:55]} Kd8
{[%clk 1:08:53]} 9. c4 {[%clk 1:30:07]} Nf6 {[%clk 1:07:30]} 10. f3
{[%clk 1:28:56]} g6 {[%clk 1:05:10]} 11. Be3 {[%clk 1:25:20]} Bd7
{[%clk 0:59:24]} 12. O-O {[%clk 1:20:35]} a6 {[%clk 0:53:44]} 13. Nc3
{[%clk 1:19:31]} Rc8 {[%clk 0:54:04]} 14. Nb3 {[%clk 1:09:01]} Be6
{[%clk 0:42:21]} 15. Nd5 {[%clk 1:01:17]} Rxc4 {[%clk 0:42:21]} 16. Nb6
{[%clk 0:42:48]} Rc7 {[%clk 0:40:18]} 17. e5 {[%clk 0:36:27]} dxe5
{[%clk 0:14:52]} 18. Rfd1+ {[%clk 0:35:44]} Ke8 {[%clk 0:15:08]} 19. Nc5
{[%clk 0:35:43]} Bd7 {[%clk 0:12:50]} 20. Rac1 {[%clk 0:32:36]} Rxc5
{[%clk 0:05:26]} 21. Bxc5 {[%clk 0:29:19]} Bc6 {[%clk 0:05:48]} 22. Na8
{[%clk 0:24:17]} Nd7 {[%clk 0:05:59]} 23. Bb6 {[%clk 0:17:04]} Bh6
{[%clk 0:01:52]} 24. Nc7+ {[%clk 0:16:20]} Kd8 {[%clk 0:01:54]} 25. Nd5+
{[%clk 0:07:14]} Nxb6 {[%clk 0:01:28]} 26. Nxb6+ {[%clk 0:07:37]} Kc7
{[%clk 0:00:41]} 27. Nd5+ {[%clk 0:08:01]} Kb8 {[%clk 0:01:04]} 28. Rb1
{[%clk 0:07:01]} e6 {[%clk 0:01:10]} 29. Nc3 {[%clk 0:06:54]} Be3+
{[%clk 0:00:53]} 30. Kh1 {[%clk 0:06:15]} Rc8 {[%clk 0:01:06]} 31. Ne4
{[%clk 0:05:10]} Bd5 {[%clk 0:01:07]} 32. Nc3 {[%clk 0:04:43]} Rc5
{[%clk 0:01:24]} 33. Rd3 {[%clk 0:04:08]} Bd4 {[%clk 0:00:57]} 34. Nxd5
{[%clk 0:02:50]} exd5 {[%clk 0:01:24]} 35. b4 {[%clk 0:02:51]} Rc2
{[%clk 0:00:54]} 36. a4 {[%clk 0:03:08]} b5 {[%clk 0:00:49]} 37. axb5
{[%clk 0:02:55]} axb5 {[%clk 0:01:16]} 38. h4 {[%clk 0:03:12]} Kb7
{[%clk 0:01:06]} 39. f4 {[%clk 0:03:22]} f6 {[%clk 0:01:00]} 40. fxe5
{[%clk 0:33:27]} fxe5 {[%clk 0:31:27]} 41. Rf1 {[%clk 0:33:29]} Rb2
{[%clk 0:14:15]} 42. Rf7+ {[%clk 0:29:42]} Kc6 {[%clk 0:14:39]} 43. Ra3
{[%clk 0:29:55]} Rb1+ {[%clk 0:14:43]} 44. Kh2 {[%clk 0:29:55]} Bg1+
{[%clk 0:15:10]} 45. Kh3 {[%clk 0:29:03]} d4 {[%clk 0:14:58]} 46. Ra6+
{[%clk 0:27:05]} Kd5 {[%clk 0:15:20]} 47. Rxh7 {[%clk 0:27:00]} d3
{[%clk 0:15:26]} 48. Rd7+ {[%clk 0:10:18]} Ke4 {[%clk 0:15:15]} 49. Rxg6
{[%clk 0:10:21]} Bd4 {[%clk 0:15:23]} 50. Rg4+ {[%clk 0:10:13]} Ke3
{[%clk 0:15:28]} 51. Rf7 {[%clk 0:08:07]} d2 {[%clk 0:07:53]} 52. Rf3+
{[%clk 0:05:16]} Ke2 {[%clk 0:08:18]} 53. Re4+ {[%clk 0:04:38]} Kd1
{[%clk 0:08:44]} 54. Ra3 {[%clk 0:03:01]} Kc1 {[%clk 0:08:52]} 0-1

[Event "WCO 2016"]
[Site "?"]
[Date "2016.09.13"]
[Round "11"]
[Board "27"]
[WhiteID "3802191"]
[White "Aliaga Fernandez Ingrid Y"]
[BlackID "5104130"]
[Black "Fuentes Godoy Lilia Ivonne"]
[Result "1-0"]
[BlackElo "2142"]
[WhiteElo "2096"]
[LiveChessVersion "1.4.8"]

1. e4 {[%clk 1:30:49]} c5 {[%clk 1:30:53]} 2. Nf3 {[%clk 1:30:32]} Nc6
{[%clk 1:31:17]} 3. c3 {[%clk 1:30:58]} d5 {[%clk 1:30:34]} 4. exd5
{[%clk 1:31:01]} Qxd5 {[%clk 1:30:53]} 5. d4 {[%clk 1:31:24]} e6 {[%clk 1:28:06]}
6. Be3 {[%clk 1:31:46]} cxd4 {[%clk 1:26:11]} 7. cxd4 {[%clk 1:32:01]} Nf6
{[%clk 1:25:47]} 8. Nc3 {[%clk 1:31:35]} Qd6 {[%clk 1:17:22]} 9. a3
{[%clk 1:28:34]} Be7 {[%clk 1:09:32]} 10. Bd3 {[%clk 1:24:38]} O-O
{[%clk 1:07:08]} 11. O-O {[%clk 1:25:03]} Rd8 {[%clk 1:00:27]} 12. Qe2
{[%clk 1:05:49]} a6 {[%clk 0:51:25]} 13. Rad1 {[%clk 1:03:39]} b5
{[%clk 0:47:35]} 14. Ne4 {[%clk 0:58:08]} Nxe4 {[%clk 0:36:38]} 15. Bxe4
{[%clk 0:58:32]} f5 {[%clk 0:36:01]} 16. Bb1 {[%clk 0:55:41]} Bf6
{[%clk 0:26:11]} 17. Ba2 {[%clk 0:44:42]} Ne7 {[%clk 0:23:46]} 18. Bg5
{[%clk 0:37:40]} Nd5 {[%clk 0:19:48]} 19. Rfe1 {[%clk 0:34:48]} Ra7
{[%clk 0:18:12]} 20. Qd2 {[%clk 0:26:29]} h6 {[%clk 0:13:52]} 21. Bxf6
{[%clk 0:22:01]} Nxf6 {[%clk 0:14:14]} 22. Ne5 {[%clk 0:22:19]} Rc7
{[%clk 0:11:10]} 23. Qd3 {[%clk 0:20:12]} Kh7 {[%clk 0:05:48]} 24. Qg3
{[%clk 0:19:24]} g5 {[%clk 0:05:46]} 25. Qb3 {[%clk 0:17:02]} Nd5
{[%clk 0:04:10]} 26. Nd3 {[%clk 0:17:18]} Nb6 {[%clk 0:00:32]} 27. Nc5
{[%clk 0:16:01]} Nc4 {[%clk 0:00:50]} 28. Qc2 {[%clk 0:16:10]} Qd5
{[%clk 0:00:34]} 29. Bxc4 {[%clk 0:14:54]} bxc4 {[%clk 0:00:54]} 30. Re5
{[%clk 0:15:12]} Qd6 {[%clk 0:00:40]} 31. Ree1 {[%clk 0:14:17]} Qd5
{[%clk 0:00:46]} 32. Re5 {[%clk 0:11:22]} Qd6 {[%clk 0:01:08]} 33. Qe2
{[%clk 0:11:43]} a5 {[%clk 0:00:34]} 34. Nxe6 {[%clk 0:11:41]} Bxe6
{[%clk 0:00:37]} 35. Rxe6 {[%clk 0:12:06]} Qd5 {[%clk 0:00:32]} 36. Re5
{[%clk 0:12:18]} Qb7 {[%clk 0:00:37]} 37. Rxf5 {[%clk 0:08:00]} Qb3
{[%clk 0:00:44]} 38. Re5 {[%clk 0:07:50]} Rdd7 {[%clk 0:00:35]} 39. Re6
{[%clk 0:07:47]} Kg7 {[%clk 0:00:31]} 40. Qe5+ {[%clk 0:36:44]} 1-0

[Event "WCO 2016"]
[Site "?"]
[Date "2016.09.13"]
[Round "11"]
[Board "28"]
[WhiteID "5105994"]
[White "Garcia Morales Ivette Ale"]
[BlackID "3804976"]
[Black "Felix Vega Aurora Edith"]
[Result "0-1"]
[BlackElo "2053"]
[WhiteElo "2006"]
[LiveChessVersion "1.4.8"]

1. d4 {[%clk 1:30:46]} Nf6 {[%clk 1:30:24]} 2. Nf3 {[%clk 1:31:09]} e6
{[%clk 1:29:42]} 3. g3 {[%clk 1:31:21]} c5 {[%clk 1:29:28]} 4. Bg2
{[%clk 1:31:45]} cxd4 {[%clk 1:27:37]} 5. O-O {[%clk 1:31:41]} Be7
{[%clk 1:27:01]} 6. Nxd4 {[%clk 1:31:19]} d5 {[%clk 1:27:13]} 7. c4
{[%clk 1:29:13]} O-O {[%clk 1:24:30]} 8. cxd5 {[%clk 1:25:23]} Nxd5
{[%clk 1:24:31]} 9. e4 {[%clk 1:22:37]} Nb4 {[%clk 1:24:05]} 10. Nc3
{[%clk 1:21:32]} N8c6 {[%clk 1:16:41]} 11. Nf3 {[%clk 1:14:40]} b6
{[%clk 1:12:32]} 12. a3 {[%clk 1:11:30]} Nd3 {[%clk 1:11:01]} 13. Qa4
{[%clk 1:03:33]} Nc5 {[%clk 0:47:27]} 14. Qd1 {[%clk 0:50:49]} Ba6
{[%clk 0:47:06]} 15. Qxd8 {[%clk 0:43:04]} Raxd8 {[%clk 0:46:05]} 16. Re1
{[%clk 0:38:24]} Nb3 {[%clk 0:43:50]} 17. Ra2 {[%clk 0:33:55]} Bc4
{[%clk 0:34:48]} 18. Be3 {[%clk 0:31:40]} Bc5 {[%clk 0:28:47]} 19. Bf1
{[%clk 0:26:39]} Bxf1 {[%clk 0:27:14]} 20. Kxf1 {[%clk 0:26:27]} Rd3
{[%clk 0:22:18]} 21. Rd1 {[%clk 0:10:17]} Rxd1+ {[%clk 0:21:40]} 22. Nxd1
{[%clk 0:10:41]} Rd8 {[%clk 0:22:07]} 23. Bxc5 {[%clk 0:08:37]} Rxd1+
{[%clk 0:17:49]} 24. Ke2 {[%clk 0:08:42]} Rd8 {[%clk 0:16:03]} 25. Be3
{[%clk 0:08:41]} Nca5 {[%clk 0:11:31]} 26. Ne5 {[%clk 0:05:46]} f6
{[%clk 0:08:54]} 27. Nd3 {[%clk 0:06:04]} Rc8 {[%clk 0:08:15]} 28. Nb4
{[%clk 0:02:03]} Nc4 {[%clk 0:08:30]} 29. a4 {[%clk 0:01:52]} Kf7
{[%clk 0:04:59]} 30. Nd3 {[%clk 0:01:27]} Nca5 {[%clk 0:05:00]} 31. Nb4
{[%clk 0:01:47]} Rc4 {[%clk 0:05:16]} 32. Nd3 {[%clk 0:00:59]} Rxe4
{[%clk 0:05:30]} 33. f3 {[%clk 0:01:16]} Rc4 {[%clk 0:05:56]} 34. Ne1
{[%clk 0:01:25]} e5 {[%clk 0:05:46]} 35. Ra3 {[%clk 0:01:00]} Ke6
{[%clk 0:05:32]} 36. Kd3 {[%clk 0:01:16]} f5 {[%clk 0:04:00]} 37. Ke2
{[%clk 0:00:43]} Kd5 {[%clk 0:04:23]} 38. Kd3 {[%clk 0:00:44]} e4+
{[%clk 0:04:10]} 39. Ke2 {[%clk 0:00:55]} Rc8 {[%clk 0:03:24]} 40. h4
{[%clk 0:30:54]} Kc4 {[%clk 0:33:15]} 41. Nc2 {[%clk 0:29:08]} Re8
{[%clk 0:25:35]} 42. Kf2 {[%clk 0:27:57]} exf3 {[%clk 0:17:02]} 43. Kxf3
{[%clk 0:28:25]} Re4 {[%clk 0:17:17]} 44. Bf4 {[%clk 0:26:09]} g6
{[%clk 0:07:55]} 45. h5 {[%clk 0:26:33]} Kd5 {[%clk 0:06:20]} 46. hxg6
{[%clk 0:26:40]} hxg6 {[%clk 0:06:49]} 47. g4 {[%clk 0:19:39]} fxg4+
{[%clk 0:04:16]} 48. Kxg4 {[%clk 0:19:53]} Re2 {[%clk 0:04:44]} 49. Ne3+
{[%clk 0:19:42]} Ke4 {[%clk 0:04:51]} 50. Nc4 {[%clk 0:18:38]} Nxc4
{[%clk 0:04:13]} 51. Rxb3 {[%clk 0:18:38]} Rxb2 {[%clk 0:04:13]} 52. Rc3
{[%clk 0:16:16]} Kd4 {[%clk 0:04:35]} 53. Rh3 {[%clk 0:16:12]} Ra2
{[%clk 0:04:55]} 54. a5 {[%clk 0:14:42]} Rxa5 {[%clk 0:04:50]} 55. Bb8
{[%clk 0:14:15]} Ne5+ {[%clk 0:02:34]} 0-1

[Event "WCO 2016"]
[Site "?"]
[Date "2016.09.13"]
[Round "11"]
[Board "29"]
[WhiteID "4500512"]
[White "Narva Mai"]
[BlackID "2109220"]
[Black "Terao Juliana Sayumi"]
[Result "1/2-1/2"]
[BlackElo "2268"]
[WhiteElo "2238"]
[LiveChessVersion "1.4.8"]

1. e4 {[%clk 1:30:57]} c5 {[%clk 1:30:54]} 2. Nf3 {[%clk 1:31:18]} e6
{[%clk 1:31:17]} 3. d4 {[%clk 1:31:40]} cxd4 {[%clk 1:31:41]} 4. Nxd4
{[%clk 1:32:03]} a6 {[%clk 1:32:06]} 5. c4 {[%clk 1:32:20]} Nf6 {[%clk 1:32:14]}
6. Nc3 {[%clk 1:32:39]} Qc7 {[%clk 1:32:01]} 7. a3 {[%clk 1:32:54]} Be7
{[%clk 1:31:11]} 8. Be3 {[%clk 1:33:01]} d6 {[%clk 1:30:39]} 9. Be2
{[%clk 1:33:05]} Nbd7 {[%clk 1:29:56]} 10. O-O {[%clk 1:32:54]} O-O
{[%clk 1:29:27]} 11. Rc1 {[%clk 1:32:37]} b6 {[%clk 1:28:40]} 12. b4
{[%clk 1:32:09]} Bb7 {[%clk 1:28:33]} 13. f3 {[%clk 1:32:10]} Rfe8
{[%clk 1:28:42]} 14. Qd2 {[%clk 1:31:41]} Rac8 {[%clk 1:28:53]} 15. Rc2
{[%clk 1:29:41]} Qb8 {[%clk 1:28:40]} 16. Kh1 {[%clk 1:28:45]} Bd8
{[%clk 1:24:32]} 17. Bg1 {[%clk 1:28:14]} Ne5 {[%clk 1:22:31]} 18. Na4
{[%clk 1:24:31]} h5 {[%clk 1:17:20]} 19. Nb3 {[%clk 1:22:38]} Ba8
{[%clk 1:14:39]} 20. Rd1 {[%clk 1:21:30]} Bc7 {[%clk 1:13:27]} 21. Rb1
{[%clk 1:16:41]} h4 {[%clk 1:11:55]} 22. c5 {[%clk 1:10:01]} dxc5
{[%clk 1:02:55]} 23. bxc5 {[%clk 1:00:11]} b5 {[%clk 1:01:57]} 24. Nb6
{[%clk 0:58:54]} Bxb6 {[%clk 0:59:42]} 25. cxb6 {[%clk 0:58:47]} Rxc2
{[%clk 0:59:28]} 26. Qxc2 {[%clk 0:59:10]} h3 {[%clk 0:59:22]} 27. Rc1
{[%clk 0:57:01]} hxg2+ {[%clk 0:51:47]} 28. Kxg2 {[%clk 0:57:21]} Nc6
{[%clk 0:36:48]} 29. Nd4 {[%clk 0:53:12]} Nxd4 {[%clk 0:33:47]} 30. Bxd4
{[%clk 0:53:05]} e5 {[%clk 0:28:59]} 31. Be3 {[%clk 0:51:55]} Bb7
{[%clk 0:29:04]} 32. Qc7 {[%clk 0:49:08]} Qa8 {[%clk 0:27:49]} 33. Rc5
{[%clk 0:44:49]} Bxe4 {[%clk 0:20:31]} 34. fxe4 {[%clk 0:41:33]} Qxe4+
{[%clk 0:20:55]} 35. Kf2 {[%clk 0:41:10]} Qh4+ {[%clk 0:21:01]} 36. Kg2
{[%clk 0:36:03]} Qe4+ {[%clk 0:21:22]} 37. Kf2 {[%clk 0:31:07]} Qh4+
{[%clk 0:18:44]} 38. Kg2 {[%clk 0:31:24]} Qe4+ {[%clk 0:19:07]} 39. Kf2
{[%clk 0:31:40]} 1/2-1/2

[Event "WCO 2016"]
[Site "?"]
[Date "2016.09.13"]
[Round "11"]
[Board "30"]
[WhiteID "2105985"]
[White "Chang Suzana"]
[BlackID "4500199"]
[Black "Tsiganova Monika"]
[Result "1-0"]
[BlackElo "2095"]
[WhiteElo "2093"]
[LiveChessVersion "1.4.8"]

1. e4 {[%clk 1:30:54]} c5 {[%clk 1:30:47]} 2. Nf3 {[%clk 1:31:12]} a6
{[%clk 1:30:53]} 3. c4 {[%clk 1:31:29]} e6 {[%clk 1:30:48]} 4. Be2
{[%clk 1:31:19]} d6 {[%clk 1:29:57]} 5. d4 {[%clk 1:31:14]} cxd4 {[%clk 1:30:12]}
6. Nxd4 {[%clk 1:31:32]} Nf6 {[%clk 1:30:04]} 7. Nc3 {[%clk 1:31:46]} Be7
{[%clk 1:30:24]} 8. O-O {[%clk 1:32:07]} O-O {[%clk 1:30:29]} 9. Be3
{[%clk 1:31:17]} Nbd7 {[%clk 1:29:40]} 10. Rc1 {[%clk 1:31:06]} Qc7
{[%clk 1:28:22]} 11. f3 {[%clk 1:28:49]} b6 {[%clk 1:22:57]} 12. a3
{[%clk 1:15:06]} Ne5 {[%clk 1:19:33]} 13. b4 {[%clk 1:05:03]} Re8
{[%clk 1:11:26]} 14. Na4 {[%clk 1:01:27]} Bd7 {[%clk 1:02:10]} 15. Nb2
{[%clk 1:00:55]} Qb7 {[%clk 1:01:43]} 16. Qd2 {[%clk 0:52:07]} b5
{[%clk 0:54:40]} 17. Nb3 {[%clk 0:49:55]} Rac8 {[%clk 0:46:46]} 18. Qd4
{[%clk 0:42:00]} Qb8 {[%clk 0:35:31]} 19. Kh1 {[%clk 0:34:01]} Bc6
{[%clk 0:32:09]} 20. Na5 {[%clk 0:27:52]} Ba8 {[%clk 0:29:04]} 21. cxb5
{[%clk 0:25:09]} axb5 {[%clk 0:28:33]} 22. Qb6 {[%clk 0:25:11]} Bd8
{[%clk 0:24:35]} 23. Qxb8 {[%clk 0:22:25]} Rxb8 {[%clk 0:24:55]} 24. Ba7
{[%clk 0:22:07]} Bxa5 {[%clk 0:17:22]} 25. Bxb8 {[%clk 0:22:31]} Rxb8
{[%clk 0:14:53]} 26. bxa5 {[%clk 0:22:56]} Nc6 {[%clk 0:15:04]} 27. a6
{[%clk 0:18:32]} g6 {[%clk 0:14:57]} 28. Rb1 {[%clk 0:15:55]} Nd4
{[%clk 0:14:30]} 29. Bd3 {[%clk 0:16:07]} Nd7 {[%clk 0:14:41]} 30. Rfc1
{[%clk 0:16:05]} Nc5 {[%clk 0:14:51]} 31. Bf1 {[%clk 0:13:10]} Nxa6
{[%clk 0:13:34]} 32. a4 {[%clk 0:12:54]} Nc5 {[%clk 0:13:37]} 33. axb5
{[%clk 0:12:56]} f5 {[%clk 0:13:05]} 34. exf5 {[%clk 0:10:58]} Nxf5
{[%clk 0:08:30]} 35. Nc4 {[%clk 0:10:54]} Nd7 {[%clk 0:08:15]} 36. b6
{[%clk 0:09:58]} Bd5 {[%clk 0:07:24]} 37. Bd3 {[%clk 0:08:05]} Bxc4
{[%clk 0:06:02]} 38. Rxc4 {[%clk 0:02:10]} Rxb6 {[%clk 0:03:20]} 39. Bxf5
{[%clk 0:02:21]} gxf5 {[%clk 0:03:24]} 40. Rxb6 {[%clk 0:31:59]} Nxb6
{[%clk 0:33:48]} 41. Rc6 {[%clk 0:32:24]} Nd5 {[%clk 0:33:39]} 42. Rxd6
{[%clk 0:32:42]} Kf7 {[%clk 0:33:54]} 43. Rd7+ {[%clk 0:33:06]} Kg6
{[%clk 0:34:14]} 44. g3 {[%clk 0:32:03]} h5 {[%clk 0:32:48]} 45. Kg2
{[%clk 0:28:57]} Kf6 {[%clk 0:29:00]} 46. Kh3 {[%clk 0:26:35]} f4
{[%clk 0:25:15]} 47. Kh4 {[%clk 0:24:03]} Kf5 {[%clk 0:25:19]} 48. Rh7
{[%clk 0:22:38]} fxg3 {[%clk 0:23:32]} 49. hxg3 {[%clk 0:22:53]} Kg6
{[%clk 0:21:06]} 50. Rxh5 {[%clk 0:22:47]} Nf6 {[%clk 0:20:57]} 51. Re5
{[%clk 0:22:02]} Kf7 {[%clk 0:21:20]} 52. f4 {[%clk 0:20:07]} Nd7
{[%clk 0:21:37]} 53. Kg5 {[%clk 0:18:55]} Nf6 {[%clk 0:20:25]} 54. f5
{[%clk 0:15:37]} 1-0

[Event "WCO 2016"]
[Site "?"]
[Date "2016.09.13"]
[Round "11"]
[Board "31"]
[WhiteID "4503082"]
[White "Olde Margareth"]
[BlackID "2153963"]
[Black "Librelato Kathie Goulart"]
[Result "1-0"]
[BlackElo "2079"]
[WhiteElo "2003"]
[LiveChessVersion "1.4.8"]

1. c4 {[%clk 1:30:58]} Nf6 {[%clk 1:30:50]} 2. Nf3 {[%clk 1:31:22]} g6
{[%clk 1:31:14]} 3. g3 {[%clk 1:31:49]} Bg7 {[%clk 1:31:38]} 4. Bg2
{[%clk 1:32:13]} O-O {[%clk 1:31:58]} 5. O-O {[%clk 1:32:38]} d6 {[%clk 1:32:01]}
6. d4 {[%clk 1:32:59]} Nc6 {[%clk 1:31:40]} 7. Nc3 {[%clk 1:33:03]} a6
{[%clk 1:31:58]} 8. e4 {[%clk 1:32:25]} Bg4 {[%clk 1:31:28]} 9. h3
{[%clk 1:31:23]} Bxf3 {[%clk 1:31:32]} 10. Bxf3 {[%clk 1:31:48]} e5
{[%clk 1:31:12]} 11. d5 {[%clk 1:29:28]} Nd4 {[%clk 1:30:10]} 12. Bg2
{[%clk 1:28:04]} Nd7 {[%clk 1:17:16]} 13. Be3 {[%clk 1:21:31]} c5
{[%clk 1:10:45]} 14. Rb1 {[%clk 1:11:53]} Qc7 {[%clk 1:01:07]} 15. Qd2
{[%clk 1:03:44]} Rfc8 {[%clk 0:47:11]} 16. Kh1 {[%clk 1:00:27]} Qa5
{[%clk 0:41:26]} 17. Qd3 {[%clk 0:49:41]} b5 {[%clk 0:35:54]} 18. b3
{[%clk 0:45:14]} Rab8 {[%clk 0:12:03]} 19. Bd2 {[%clk 0:40:14]} Qc7
{[%clk 0:10:09]} 20. Rfc1 {[%clk 0:37:16]} Rb7 {[%clk 0:06:59]} 21. Ne2
{[%clk 0:35:01]} Qb8 {[%clk 0:05:32]} 22. f4 {[%clk 0:28:53]} Qa7
{[%clk 0:02:30]} 23. Be3 {[%clk 0:25:24]} b4 {[%clk 0:02:26]} 24. Rf1
{[%clk 0:23:49]} a5 {[%clk 0:02:43]} 25. g4 {[%clk 0:22:48]} a4 {[%clk 0:01:03]}
26. Ng3 {[%clk 0:17:45]} Ra8 {[%clk 0:01:09]} 27. f5 {[%clk 0:16:09]} Rb6
{[%clk 0:00:57]} 28. fxg6 {[%clk 0:12:28]} hxg6 {[%clk 0:01:12]} 29. Qd2
{[%clk 0:10:20]} Ra6 {[%clk 0:00:54]} 30. Qf2 {[%clk 0:07:00]} Nb6
{[%clk 0:00:52]} 31. Rb2 {[%clk 0:05:50]} axb3 {[%clk 0:01:06]} 32. axb3
{[%clk 0:06:15]} Ra1 {[%clk 0:01:01]} 33. Ne2 {[%clk 0:02:03]} Rxf1+
{[%clk 0:00:56]} 34. Bxf1 {[%clk 0:02:12]} Qa1 {[%clk 0:00:37]} 35. Nc1
{[%clk 0:02:23]} Ra3 {[%clk 0:00:38]} 36. h4 {[%clk 0:01:50]} Ra7
{[%clk 0:00:44]} 37. h5 {[%clk 0:01:54]} Kh7 {[%clk 0:00:35]} 38. Qh2
{[%clk 0:01:49]} Kg8 {[%clk 0:00:40]} 39. h6 {[%clk 0:01:51]} Bf6
{[%clk 0:00:44]} 40. Rf2 {[%clk 0:30:55]} Bh8 {[%clk 0:30:35]} 41. h7+
{[%clk 0:22:39]} Kf8 {[%clk 0:30:44]} 42. Bh6+ {[%clk 0:19:23]} Ke7
{[%clk 0:13:51]} 43. Bg5+ {[%clk 0:18:42]} Kd7 {[%clk 0:02:05]} 44. Qh6
{[%clk 0:14:35]} f5 {[%clk 0:00:54]} 45. gxf5 {[%clk 0:14:39]} gxf5
{[%clk 0:01:00]} 46. Bf6 {[%clk 0:14:26]} Ke8 {[%clk 0:00:32]} 47. Bxh8
{[%clk 0:12:24]} Rxh7 {[%clk 0:01:01]} 48. Qxh7 {[%clk 0:12:46]} Qxc1
{[%clk 0:01:26]} 49. Bf6 {[%clk 0:12:31]} Nc8 {[%clk 0:01:01]} 50. Qg8+
{[%clk 0:12:53]} 1-0

[Event "WCO 2016"]
[Site "?"]
[Date "2016.09.13"]
[Round "11"]
[Board "32"]
[WhiteID "2134470"]
[White "Medeiros Thauane Ferreira"]
[BlackID "4502680"]
[Black "Narva Triin"]
[Result "0-1"]
[BlackElo "2023"]
[WhiteElo "2030"]
[LiveChessVersion "1.4.8"]

1. d4 {[%clk 1:30:56]} Nf6 {[%clk 1:30:49]} 2. c4 {[%clk 1:29:55]} g6
{[%clk 1:31:14]} 3. Nc3 {[%clk 1:30:18]} d5 {[%clk 1:31:33]} 4. g3
{[%clk 1:28:17]} Bg7 {[%clk 1:30:09]} 5. Bg2 {[%clk 1:25:21]} c6 {[%clk 1:28:55]}
6. Nf3 {[%clk 1:19:11]} O-O {[%clk 1:27:14]} 7. O-O {[%clk 1:19:11]} dxc4
{[%clk 1:17:52]} 8. a4 {[%clk 1:12:53]} Nd5 {[%clk 1:13:00]} 9. e4
{[%clk 0:39:24]} Nb4 {[%clk 1:07:43]} 10. Be3 {[%clk 0:38:50]} Bg4
{[%clk 1:01:55]} 11. Qd2 {[%clk 0:37:10]} a5 {[%clk 0:57:09]} 12. h3
{[%clk 0:36:00]} Bxf3 {[%clk 0:49:46]} 13. Bxf3 {[%clk 0:35:03]} Qd7
{[%clk 0:48:52]} 14. Kh2 {[%clk 0:34:58]} Rd8 {[%clk 0:47:58]} 15. Rad1
{[%clk 0:32:23]} N8a6 {[%clk 0:45:55]} 16. Bg4 {[%clk 0:28:49]} f5
{[%clk 0:36:58]} 17. exf5 {[%clk 0:24:07]} gxf5 {[%clk 0:37:23]} 18. Be2
{[%clk 0:20:35]} b5 {[%clk 0:32:07]} 19. axb5 {[%clk 0:14:30]} cxb5
{[%clk 0:32:32]} 20. d5 {[%clk 0:14:07]} e5 {[%clk 0:21:30]} 21. Bh6
{[%clk 0:09:25]} Nc5 {[%clk 0:17:02]} 22. Qg5 {[%clk 0:07:21]} Nbd3
{[%clk 0:12:53]} 23. Nxb5 {[%clk 0:06:57]} Ra6 {[%clk 0:12:03]} 24. Bxg7
{[%clk 0:06:31]} Rg6 {[%clk 0:12:28]} 25. Qh4 {[%clk 0:03:29]} Rxg7
{[%clk 0:12:42]} 26. Qxc4 {[%clk 0:02:27]} e4 {[%clk 0:10:28]} 27. Nc3
{[%clk 0:01:12]} Qd6 {[%clk 0:10:26]} 28. Bxd3 {[%clk 0:00:53]} Nxd3
{[%clk 0:10:48]} 29. Qc6 {[%clk 0:00:50]} Qb8 {[%clk 0:05:34]} 30. Qe6+
{[%clk 0:00:57]} Kh8 {[%clk 0:06:00]} 31. Rd2 {[%clk 0:00:40]} Nxf2
{[%clk 0:05:24]} 32. d6 {[%clk 0:00:36]} Re8 {[%clk 0:03:41]} 33. Qxf5
{[%clk 0:00:45]} e3 {[%clk 0:03:48]} 34. Rd3 {[%clk 0:00:37]} Nxd3
{[%clk 0:04:00]} 35. Qxd3 {[%clk 0:00:56]} Qxb2+ {[%clk 0:04:06]} 36. Ne2
{[%clk 0:01:24]} Qd2 {[%clk 0:03:40]} 37. Qb5 {[%clk 0:01:30]} Reg8
{[%clk 0:03:53]} 38. Rf4 {[%clk 0:00:34]} Rxg3 {[%clk 0:03:31]} 39. Qe5+
{[%clk 0:00:31]} R3g7 {[%clk 0:03:55]} 40. Qh5 {[%clk 0:30:31]} Rg2+
{[%clk 0:34:16]} 0-1